[Event "SLO-chT (Women)"]
[Site "Slovenia"]
[Date "2010.??.??"]
[Round "5"]
[White "Bukovec, Tina"]
[Black "Ursic, Mojca"]
[Result "1-0"]
[WhiteElo "1865"]
[BlackElo "1665"]
[PlyCount "109"]
[EventDate "2010.??.??"]
[EventType "team-tourn"]
[EventRounds "9"]
[EventCountry "SLO"]
[SourceTitle "EXT 2012"]
[Source "ChessBase"]
[SourceDate "2011.11.24"]
[SourceVersion "1"]
[SourceVersionDate "2011.11.24"]
[SourceQuality "1"]

1. e4 e5 2. Nc3 Nf6 3. Bc4 Nc6 4. d3 Na5 5. Nge2 Nxc4 6. dxc4 Bc5 7. Qd3 d6 8. Be3 Bxe3 9. Qxe3 Be6 10. b3 0-0 11. 0-0 Nd7 12. Ng3 a5 13. f4 exf4 14. Rxf4 Ne5 15. Raf1 Qd7 16. a4 Qc6 17. Kh1 Qc5 18. Qe2 c6 19. Nf5 Ng6 20. R4f3 Rae8 21. Qd2 Rd8 22. Rd3 Bxf5 23. exf5 Ne5 24. Rd4 f6 25. Ne4 Qb6 26. Nxd6 c5 27. Rd5 Nf7 28. Nxf7 Kxf7 29. Rd1 Ke7 30. Re1+ Kf7 31. Re6 Qc7 32. Red6 Rxd6 33. Rxd6 Kg8 34. Qd5+ Kh8 35. g3 h6 36. Rd7 Qe5 37. Qxe5 fxe5 38. g4 b6 39. Kg2 Re8 40. Kf3 e4+ 41. Ke3 Kg8 42. Rd6 Kf7 43. Rxb6 Rd8 44. Rc6 Rd1 45. Kxe4 Rd2 46. Rxc5 Rxc2 47. Rxa5 Rxh2 48. Ra7+ Kf6 49. Ra6+ Kf7 50. c5 Re2+ 51. Kd5 Rd2+ 52. Kc4 Rg2 53. Rb6 Rc2+ 54. Kb5 Rc3 55. b4 1-0

[Event "SLO-chT (Women)"]
[Site "Slovenia"]
[Date "2010.??.??"]
[Round "8"]
[White "Ursic, Mojca"]
[Black "Grilc, Mojca"]
[Result "0-1"]
[WhiteElo "1665"]
[BlackElo "1940"]
[PlyCount "54"]
[EventDate "2010.??.??"]
[EventType "team-tourn"]
[EventRounds "9"]
[EventCountry "SLO"]
[SourceTitle "EXT 2012"]
[Source "ChessBase"]
[SourceDate "2011.11.24"]
[SourceVersion "1"]
[SourceVersionDate "2011.11.24"]
[SourceQuality "1"]

1. e4 c5 2. Nc3 d6 3. f4 e6 4. Nf3 Be7 5. g3 Nf6 6. d3 a6 7. Bg2 Nc6 8. 0-0 0-0 9. h3 Nd4 10. Kh2 Nxf3+ 11. Qxf3 Rb8 12. g4 b5 13. g5 Ne8 14. Qg3 b4 15. Ne2 g6 16. h4 Ng7 17. Qe3 e5 18. fxe5 dxe5 19. Ng3 Qd7 20. Qe2 Ne6 21. Bh3 Qd6 22. h5 Nf4 23. Qd1 Nxh3 24. h6 Bxg5 25. Bxg5 Nxg5 26. Rf2 Qe6 27. Qf1 Qg4 0-1

[Event "SLO-chT2 West"]
[Site "Postojna"]
[Date "2009.10.24"]
[Round "2.6"]
[White "Ursic, Mojca"]
[Black "Petrovic, Marko"]
[Result "0-1"]
[WhiteElo "1668"]
[BlackElo "1979"]
[PlyCount "66"]
[EventDate "2009.10.23"]
[EventType "team-tourn"]
[EventRounds "9"]
[EventCountry "SLO"]
[SourceTitle "EXT 2010"]
[Source "ChessBase"]
[SourceDate "2010.11.25"]
[SourceVersion "1"]
[SourceVersionDate "2010.11.25"]
[SourceQuality "1"]
[WhiteTeam "Tolmin Hidria"]
[BlackTeam "Nova Gorica"]
[WhiteTeamCountry "SLO"]
[BlackTeamCountry "SLO"]

1. e4 e6 2. d4 d5 3. exd5 exd5 4. Bd3 Bd6 5. Be3 Nf6 6. Nf3 Bg4 7. Nbd2 Nbd7 8. 0-0 0-0 9. c3 c5 10. dxc5 Nxc5 11. Bxc5 Bxc5 12. Qc2 Qd6 13. Rae1 Rfe8 14. h3 Bd7 15. Nb3 Bb6 16. Nbd4 Rac8 17. Qb1 Qf4 18. Qc1 Qd6 19. Qb1 a6 20. Bf5 Be6 21. Qd3 Bc7 22. Re2 g6 23. Bxe6 fxe6 24. Rfe1 Ne4 25. Nc2 Rf8 26. Kf1 Rf4 27. Rxe4 dxe4 28. Qxd6 Bxd6 29. Nfd4 Rcf8 30. Re2 R4f6 31. Ne3 h5 32. Rc2 Bg3 33. f3 e5 0-1

[Event "SLO-chT2 West"]
[Site "Postojna"]
[Date "2009.10.23"]
[Round "1.6"]
[White "Bavec, Vinko"]
[Black "Ursic, Mojca"]
[Result "1/2-1/2"]
[WhiteElo "1620"]
[BlackElo "1668"]
[PlyCount "84"]
[EventDate "2009.10.23"]
[EventType "team-tourn"]
[EventRounds "9"]
[EventCountry "SLO"]
[SourceTitle "EXT 2010"]
[Source "ChessBase"]
[SourceDate "2010.11.25"]
[SourceVersion "1"]
[SourceVersionDate "2010.11.25"]
[SourceQuality "1"]
[WhiteTeam "Loska Dolina"]
[BlackTeam "Tolmin Hidria"]
[WhiteTeamCountry "SLO"]
[BlackTeamCountry "SLO"]

1. d4 d5 2. c4 e6 3. Nc3 Nf6 4. e3 Be7 5. Nf3 Nbd7 6. cxd5 exd5 7. Bb5 c6 8. Bd3 0-0 9. 0-0 Qc7 10. Bd2 b6 11. Rc1 Bb7 12. Bf5 Rfd8 13. a3 Qb8 14. Re1 c5 15. Ne2 cxd4 16. exd4 Rc8 17. Ng3 Rxc1 18. Qxc1 Bd6 19. Qc2 Qc8 20. Bc3 Bxg3 21. hxg3 g6 22. Bh3 Qd8 23. Bxd7 Nxd7 24. Qe2 Nf6 25. Nd2 Qe8 26. f3 Qxe2 27. Rxe2 Re8 28. Rxe8+ Nxe8 29. Kf2 f6 30. g4 Kf7 31. Nf1 Ke6 32. Ne3 Ng7 33. f4 Bc6 34. g3 Bb7 35. Kf3 Bc6 36. b4 b5 37. Bb2 a6 38. Bc1 Bb7 39. Bb2 Bc6 40. Nd1 Ne8 41. Ne3 Nd6 42. Bc1 Bb7 1/2-1/2

[Event "SLO-chT (Women)"]
[Site "Kozje"]
[Date "2008.12.06"]
[Round "9"]
[White "Ursic, Mojca"]
[Black "Bucar, Natasa"]
[Result "0-1"]
[WhiteElo "1675"]
[BlackElo "1882"]
[PlyCount "54"]
[EventDate "2008.11.27"]
[EventType "team-tourn"]
[EventRounds "9"]
[EventCountry "SLO"]
[SourceTitle "CBM 127 Extra"]
[Source "ChessBase"]
[SourceDate "2009.01.08"]
[SourceVersion "2"]
[SourceVersionDate "2009.01.28"]
[SourceQuality "1"]

1. e4 c5 2. Nc3 Nc6 3. Bb5 g6 4. Bxc6 dxc6 5. d3 Bg7 6. Be3 b6 7. Qd2 e5 8. Nge2 Nf6 9. 0-0 0-0 10. f4 Ng4 11. h3 Nxe3 12. Qxe3 exf4 13. Qxf4 Be6 14. Kh1 Qe7 15. a3 a5 16. Rad1 b5 17. b3 c4 18. bxc4 Qxa3 19. Nb1 Qb2 20. Qc1 bxc4 21. Qxb2 Bxb2 22. Nbc3 cxd3 23. cxd3 a4 24. d4 Bc4 25. Rfe1 a3 26. Rb1 Bd3 27. Rbd1 Bxe2 0-1

[Event "SLO-chT (Women)"]
[Site "Kozje"]
[Date "2008.12.06"]
[Round "8"]
[White "Vospernik, Mira"]
[Black "Ursic, Mojca"]
[Result "1-0"]
[WhiteElo "2050"]
[BlackElo "1675"]
[PlyCount "77"]
[EventDate "2008.11.27"]
[EventType "team-tourn"]
[EventRounds "9"]
[EventCountry "SLO"]
[SourceTitle "CBM 127 Extra"]
[Source "ChessBase"]
[SourceDate "2009.01.08"]
[SourceVersion "2"]
[SourceVersionDate "2009.01.28"]
[SourceQuality "1"]

1. d4 d5 2. Nf3 Nf6 3. Bf4 e6 4. e3 c5 5. c3 Nc6 6. Bd3 Bd6 7. Bg3 Bxg3 8. hxg3 Qd6 9. Nbd2 Bd7 10. Bb5 a6 11. Bxc6 Bxc6 12. Ne5 cxd4 13. exd4 Qc7 14. Qc2 0-0-0 15. 0-0-0 g6 16. Rde1 Rdf8 17. Rh6 Nd7 18. Nxd7 Qxd7 19. f4 Re8 20. Nf3 f6 21. Reh1 Qg7 22. g4 Re7 23. g5 Qf8 24. Qxg6 hxg6 25. Rxh8 Qxh8 26. Rxh8+ Kc7 27. gxf6 Rf7 28. Kd2 Rxf6 29. Ke3 Bb5 30. Ne5 Bf1 31. g4 Bg2 32. g5 Rf5 33. Nxg6 Rf7 34. Ne5 Rg7 35. Rf8 Kd6 36. Rf7 Rxf7 37. Nxf7+ Ke7 38. Ne5 Kf8 39. Nd7+ 1-0

[Event "SLO-chT (Women)"]
[Site "Kozje"]
[Date "2008.11.29"]
[Round "4"]
[White "Ursic, Mojca"]
[Black "Pahole, Tjasa"]
[Result "1-0"]
[WhiteElo "1675"]
[BlackElo "1447"]
[PlyCount "29"]
[EventDate "2008.11.27"]
[EventType "team-tourn"]
[EventRounds "9"]
[EventCountry "SLO"]
[SourceTitle "CBM 127 Extra"]
[Source "ChessBase"]
[SourceDate "2009.01.08"]
[SourceVersion "2"]
[SourceVersionDate "2009.01.28"]
[SourceQuality "1"]

1. e4 e5 2. Nf3 Nc6 3. Nc3 Nf6 4. Bb5 Bb4 5. d3 d6 6. 0-0 0-0 7. Bg5 Re8 8. Nd5 Bc5 9. Bxf6 gxf6 10. Nh4 Bd7 11. Nf5 Bxf5 12. exf5 Kh8 13. Qh5 Ne7 14. Nxf6 Nxf5 15. Qxh7# 1-0

[Event "SLO-chT (Women)"]
[Site "Kozje"]
[Date "2008.11.29"]
[Round "3"]
[White "Vucko, Maja"]
[Black "Ursic, Mojca"]
[Result "1-0"]
[WhiteElo "1963"]
[BlackElo "1675"]
[PlyCount "55"]
[EventDate "2008.11.27"]
[EventType "team-tourn"]
[EventRounds "9"]
[EventCountry "SLO"]
[SourceTitle "CBM 127 Extra"]
[Source "ChessBase"]
[SourceDate "2009.01.08"]
[SourceVersion "2"]
[SourceVersionDate "2009.01.28"]
[SourceQuality "1"]

1. e4 e5 2. Nf3 Nc6 3. Bb5 d6 4. d4 Bd7 5. Nc3 Nf6 6. 0-0 exd4 7. Nxd4 Be7 8. Re1 0-0 9. Nxc6 bxc6 10. Bd3 Re8 11. h3 Rb8 12. Qf3 c5 13. b3 Bc6 14. Nd5 Nd7 15. Nxe7+ Qxe7 16. Bb2 Ne5 17. Qg3 f6 18. f4 Nxd3 19. cxd3 Qf7 20. e5 fxe5 21. fxe5 dxe5 22. Rxe5 Rxe5 23. Bxe5 Rd8 24. Rf1 Qd7 25. Bxc7 Qxd3 26. Qf2 Rc8 27. Qf7+ Kh8 28. Qf8+ 1-0

[Event "SLO-chT U20 17th"]
[Site "Murska Sobota"]
[Date "2008.08.28"]
[Round "5.4"]
[White "Markoja, Boris"]
[Black "Ursic, Mojca"]
[Result "1/2-1/2"]
[WhiteElo "1623"]
[BlackElo "1681"]
[PlyCount "42"]
[EventDate "2008.08.30"]
[EventType "team-tourn"]
[EventRounds "7"]
[EventCountry "SLO"]
[SourceTitle "EXT 2010"]
[Source "ChessBase"]
[SourceDate "2010.11.25"]
[SourceVersion "1"]
[SourceVersionDate "2010.11.25"]
[SourceQuality "1"]
[WhiteTeam "Radenska Pomgrad"]
[BlackTeam "Hidria Tolmin"]
[WhiteTeamCountry "SLO"]
[BlackTeamCountry "SLO"]

1. e4 e5 2. Nf3 Nc6 3. Bc4 Nf6 4. d3 Be7 5. c3 d6 6. 0-0 0-0 7. Nbd2 Na5 8. Bb5 a6 9. Ba4 b5 10. Bc2 c5 11. Re1 Nc6 12. Nf1 Re8 13. Ng3 Bf8 14. d4 cxd4 15. cxd4 Bg4 16. d5 Nd4 17. Be3 Bxf3 18. gxf3 Nxc2 19. Qxc2 Rc8 20. Qd2 Kh8 21. Nf5 Ng8 1/2-1/2

[Event "Nova Gorica op-B 13th"]
[Site "Nova Gorica"]
[Date "2008.01.31"]
[Round "9"]
[White "Ursic, Mojca"]
[Black "Peranovic, Zdravko"]
[Result "0-1"]
[WhiteElo "1659"]
[BlackElo "1587"]
[PlyCount "66"]
[EventDate "2008.01.26"]
[EventType "swiss"]
[EventRounds "9"]
[EventCountry "SLO"]
[SourceTitle "EXT 2010"]
[Source "ChessBase"]
[SourceDate "2010.11.25"]
[SourceVersion "1"]
[SourceVersionDate "2010.11.25"]
[SourceQuality "1"]

1. e4 c5 2. Nc3 Nc6 3. Bb5 d6 4. Bxc6+ bxc6 5. d3 g6 6. f4 Bg7 7. Nf3 Nf6 8. 0-0 0-0 9. Qe1 e5 10. fxe5 dxe5 11. Nxe5 Qd4+ 12. Qf2 Qxe5 13. Bf4 Qh5 14. Bg3 Ng4 15. Qf3 Be5 16. Bxe5 Qxe5 17. Qg3 Qxg3 18. hxg3 Be6 19. b3 Ne5 20. Na4 Nd7 21. c3 Rad8 22. Nb2 Ne5 23. Rad1 Bg4 24. Rd2 Rd7 25. d4 Rfd8 26. d5 cxd5 27. exd5 Rxd5 28. Rxd5 Rxd5 29. Re1 f6 30. Na4 Nd3 31. Re8+ Kf7 32. Ra8 Rd7 33. a3 Re7 0-1

[Event "Nova Gorica op-B 13th"]
[Site "Nova Gorica"]
[Date "2008.01.30"]
[Round "7"]
[White "Ursic, Mojca"]
[Black "Stantic, Severino"]
[Result "0-1"]
[WhiteElo "1659"]
[BlackElo "1986"]
[PlyCount "92"]
[EventDate "2008.01.26"]
[EventType "swiss"]
[EventRounds "9"]
[EventCountry "SLO"]
[SourceTitle "EXT 2010"]
[Source "ChessBase"]
[SourceDate "2010.11.25"]
[SourceVersion "1"]
[SourceVersionDate "2010.11.25"]
[SourceQuality "1"]

1. e4 d6 2. d4 Nf6 3. Nc3 Nbd7 4. Nf3 c6 5. Be2 e5 6. dxe5 dxe5 7. 0-0 Be7 8. Be3 b5 9. a3 0-0 10. Qd2 Qc7 11. b4 a6 12. Bd3 Bb7 13. Nh4 Rfd8 14. Nf5 Bf8 15. Qc1 c5 16. bxc5 Bxc5 17. Bxc5 Nxc5 18. Qg5 Ne6 19. Qd2 Nxe4 20. Nxe4 Bxe4 21. Ng3 Bxd3 22. cxd3 Nf4 23. Rfc1 Qb7 24. f3 Qb6+ 25. Kf1 Nxd3 26. Rc3 Nf4 27. Qe3 Qxe3 28. Rxe3 f6 29. Ne4 Rac8 30. g3 Ne6 31. Ra2 h5 32. h4 Rd1+ 33. Re1 Rxe1+ 34. Kxe1 Nd4 35. Kf2 Rc6 36. Rd2 Kf7 37. Kg2 Rc2 38. Kf2 Rxd2+ 39. Nxd2 Nc2 40. Nb1 Ke6 41. Ke2 Kd5 42. Kd3 Nd4 43. Nd2 f5 44. Kc3 a5 45. Kd3 Nxf3 46. Nxf3 e4+ 0-1

[Event "Nova Gorica op-B 13th"]
[Site "Nova Gorica"]
[Date "2008.01.28"]
[Round "5"]
[White "Nardin, Flavij"]
[Black "Ursic, Mojca"]
[Result "1/2-1/2"]
[WhiteElo "1996"]
[BlackElo "1659"]
[PlyCount "29"]
[EventDate "2008.01.26"]
[EventType "swiss"]
[EventRounds "9"]
[EventCountry "SLO"]
[SourceTitle "EXT 2010"]
[Source "ChessBase"]
[SourceDate "2010.11.25"]
[SourceVersion "1"]
[SourceVersionDate "2010.11.25"]
[SourceQuality "1"]

1. d4 d5 2. c4 e6 3. Nf3 Nf6 4. Bg5 Be7 5. e3 0-0 6. Nc3 b6 7. a3 Nbd7 8. b4 c5 9. b5 Bb7 10. Bd3 Ne4 11. Bxe4 dxe4 12. Bxe7 Qxe7 13. Nd2 Nf6 14. 0-0 Rfd8 15. Ne2 1/2-1/2

[Event "SLO-chT (Women)"]
[Site "Ljubljana"]
[Date "2007.12.08"]
[Round "8.3"]
[White "Ursic, Mojca"]
[Black "Hari, Veronika"]
[Result "0-1"]
[WhiteElo "1659"]
[BlackElo "2023"]
[PlyCount "118"]
[EventDate "2007.11.29"]
[EventType "team"]
[EventRounds "9"]
[EventCountry "SLO"]
[SourceTitle "CBM 121 Extra"]
[Source "ChessBase"]
[SourceDate "2008.01.10"]
[SourceVersion "1"]
[SourceVersionDate "2008.01.10"]
[SourceQuality "1"]
[WhiteTeam "Tolmin (W)"]
[BlackTeam "Ljubljana Metalka Trgovina (W)"]
[WhiteTeamCountry "SLO"]
[BlackTeamCountry "SLO"]

1. e4 e6 2. d3 d5 3. Nd2 Nf6 4. Ngf3 Bc5 5. g3 dxe4 6. Nxe4 Nxe4 7. dxe4 Qxd1+ 8. Kxd1 Bxf2 9. Bf4 Bb6 10. Kd2 0-0 11. Rd1 Nd7 12. Bd3 Nc5 13. Kc1 Bd7 14. Ne5 Nxd3+ 15. Nxd3 Bb5 16. h4 Rfd8 17. h5 f6 18. Rhe1 Rd4 19. e5 Bxd3 20. Rxd3 Rxd3 21. cxd3 f5 22. Re2 Rd8 23. Kc2 Rd5 24. h6 g6 25. Bg5 c6 26. Bf6 Bd8 27. Bg7 Rd4 28. Rf2 Rg4 29. Rf3 Be7 30. a3 Bf8 31. Bxf8 Kxf8 32. b4 Rg5 33. Kc3 Ke7 34. d4 Rh5 35. a4 Rxh6 36. b5 Kd7 37. Kc4 Rh1 38. Rc3 Rb1 39. bxc6+ bxc6 40. Rc2 a5 41. Rh2 h5 42. Kc3 Rb4 43. Ra2 Ke7 44. Ra1 Kd7 45. Ra2 Kc7 46. Ra1 Kb6 47. Ra2 Kb7 48. Ra1 Kc7 49. Ra2 Rb1 50. Rg2 Re1 51. Kd3 Ra1 52. Rc2 Ra3+ 53. Kc4 Rxa4+ 54. Kc5 Rb4 55. Ra2 Rb5+ 56. Kc4 Kb6 57. Rc2 Rb4+ 58. Kc3 Kb5 59. Kd2 Rxd4+ 0-1

[Event "SLO-chT (Women)"]
[Site "Ljubljana"]
[Date "2007.12.01"]
[Round "3.3"]
[White "Turek, Ajda Stina"]
[Black "Ursic, Mojca"]
[Result "0-1"]
[WhiteElo "1500"]
[BlackElo "1659"]
[PlyCount "60"]
[EventDate "2007.11.29"]
[EventType "team"]
[EventRounds "9"]
[EventCountry "SLO"]
[SourceTitle "CBM 121 Extra"]
[Source "ChessBase"]
[SourceDate "2008.01.10"]
[SourceVersion "1"]
[SourceVersionDate "2008.01.10"]
[SourceQuality "1"]
[WhiteTeam "Domzale (W)"]
[BlackTeam "Tolmin (W)"]
[WhiteTeamCountry "SLO"]
[BlackTeamCountry "SLO"]

1. e4 e5 2. Nf3 Nc6 3. Nc3 Nf6 4. d3 Bb4 5. Bd2 0-0 6. h3 d5 7. Qe2 d4 8. Nb5 Bxd2+ 9. Qxd2 a6 10. Na3 Be6 11. g4 Qd6 12. Nc4 Bxc4 13. dxc4 Nxe4 14. Qd3 Qb4+ 15. Kd1 Qxb2 16. Rc1 Nxf2+ 17. Kd2 Nxd3 18. Bxd3 Qc3+ 19. Ke2 Rfe8 20. Ng5 g6 21. Ne4 Qa3 22. Nf6+ Kg7 23. Nxe8+ Rxe8 24. h4 e4 25. Kd2 exd3 26. cxd3 Qxa2+ 27. Rc2 Re2+ 28. Kxe2 Qxc2+ 29. Kf3 Qxd3+ 30. Kf4 Qe3# 0-1

[Event "SLO-chT (Women)"]
[Site "Ljubljana"]
[Date "2007.12.01"]
[Round "4.3"]
[White "Ursic, Mojca"]
[Black "Kozarski, Lara"]
[Result "1/2-1/2"]
[WhiteElo "1659"]
[BlackElo "1656"]
[PlyCount "76"]
[EventDate "2007.11.29"]
[EventType "team"]
[EventRounds "9"]
[EventCountry "SLO"]
[SourceTitle "CBM 121 Extra"]
[Source "ChessBase"]
[SourceDate "2008.01.10"]
[SourceVersion "1"]
[SourceVersionDate "2008.01.10"]
[SourceQuality "1"]
[WhiteTeam "Tolmin (W)"]
[BlackTeam "Komenda (W)"]
[WhiteTeamCountry "SLO"]
[BlackTeamCountry "SLO"]

1. e4 e5 2. Nf3 Nc6 3. Nc3 Nf6 4. Bb5 d6 5. d4 exd4 6. Nxd4 Bd7 7. 0-0 Be7 8. Re1 0-0 9. Bf4 Ne5 10. Bxd7 Qxd7 11. Bxe5 dxe5 12. Nf5 Bb4 13. Qxd7 Nxd7 14. Re3 g6 15. Ng3 c6 16. a3 Ba5 17. b4 Bc7 18. Rd3 Rad8 19. Rad1 Nb6 20. Rxd8 Rxd8 21. Rxd8+ Bxd8 22. Nge2 Nc4 23. Nb1 f6 24. Ng3 Be7 25. Nf1 a5 26. c3 axb4 27. axb4 b5 28. Nfd2 Nxd2 29. Nxd2 c5 30. bxc5 Bxc5 31. Kf1 Kf7 32. Ke2 Ke6 33. f3 Bb6 34. Kd3 Ba5 35. h3 Bb6 36. Nb1 Bc5 37. Nd2 Bb6 38. Nb1 Bc5 1/2-1/2

[Event "Nova Gorica op-B 12th"]
[Site "Nova Gorica"]
[Date "2007.01.31"]
[Round "9"]
[White "Portelli, Severino"]
[Black "Ursic, Mojca"]
[Result "1-0"]
[WhiteElo "1903"]
[BlackElo "1728"]
[PlyCount "81"]
[EventDate "2007.01.26"]
[EventType "swiss"]
[EventRounds "9"]
[EventCountry "SLO"]
[SourceTitle "CBM 116 Extra"]
[Source "ChessBase"]
[SourceDate "2007.03.07"]
[SourceVersion "1"]
[SourceVersionDate "2007.03.07"]
[SourceQuality "1"]

1. d4 d5 2. c4 e6 3. Nc3 Nf6 4. e3 Be7 5. Nf3 0-0 6. Bd3 c6 7. c5 Nbd7 8. b4 Qc7 9. Bb2 e5 10. dxe5 Nxe5 11. Nxe5 Qxe5 12. Qc2 Qg5 13. f4 Qh4+ 14. g3 Qh5 15. 0-0 Bh3 16. Be2 Bg4 17. Rae1 b6 18. Nd1 Bxe2 19. Qxe2 Qxe2 20. Rxe2 Ne4 21. Nf2 bxc5 22. Nxe4 dxe4 23. bxc5 Rfd8 24. Bd4 Rab8 25. Rc2 Rb5 26. Rfc1 f5 27. h3 h5 28. Kh2 Kf7 29. g4 hxg4 30. hxg4 Rh8+ 31. Kg3 Bh4+ 32. Kg2 fxg4 33. Be5 Bf6 34. Kg3 Bxe5 35. fxe5 Ke6 36. Kxg4 Kxe5 37. Rd1 Rb7 38. Rd6 Rc7 39. Rf2 g6 40. Rff6 Re8 41. Rxg6 1-0

[Event "Nova Gorica op-B 12th"]
[Site "Nova Gorica"]
[Date "2007.01.26"]
[Round "1"]
[White "Ursic, Mojca"]
[Black "Laco, Giuseppe"]
[Result "0-1"]
[WhiteElo "1728"]
[BlackElo "2153"]
[PlyCount "74"]
[EventDate "2007.01.26"]
[EventType "swiss"]
[EventRounds "9"]
[EventCountry "SLO"]
[SourceTitle "CBM 116 Extra"]
[Source "ChessBase"]
[SourceDate "2007.03.07"]
[SourceVersion "1"]
[SourceVersionDate "2007.03.07"]
[SourceQuality "1"]

1. e4 c5 2. Nc3 a6 3. Nf3 b5 4. a3 Bb7 5. d3 e6 6. Be2 Qc7 7. 0-0 Nc6 8. Be3 Nf6 9. Bg5 Nd4 10. Bxf6 gxf6 11. Nb1 Bd6 12. Nbd2 0-0-0 13. c3 Nxe2+ 14. Qxe2 Rdg8 15. Rfc1 Bf4 16. b4 Kd8 17. c4 cxb4 18. cxb5 Qb6 19. bxa6 Bxa6 20. axb4 Ke7 21. g3 h5 22. Kh1 Bh6 23. Rcb1 Ra8 24. Kg2 Bb7 25. Rxa8 Bxa8 26. Nc4 Qb7 27. b5 d5 28. exd5 h4 29. Rb2 Qxd5 30. Nb6 Qxf3+ 31. Qxf3 h3+ 32. Kg1 Bxf3 33. Nc4 Rd8 34. Rb3 Be2 35. b6 Bxd3 36. b7 Bxc4 37. Rb1 Rb8 0-1

[Event "SLO-chT1 (Women)"]
[Site "Otocec"]
[Date "2006.11.04"]
[Round "4"]
[White "Vodopivec, Tina"]
[Black "Ursic, Mojca"]
[Result "1/2-1/2"]
[WhiteElo "1557"]
[BlackElo "1719"]
[PlyCount "56"]
[EventDate "2006.11.02"]
[EventType "team"]
[EventRounds "9"]
[EventCountry "SLO"]
[SourceTitle "EXT 2008"]
[Source "ChessBase"]
[SourceDate "2007.11.25"]
[SourceVersion "1"]
[SourceVersionDate "2007.11.25"]
[SourceQuality "1"]

1. c4 e6 2. Nc3 d5 3. cxd5 exd5 4. d4 Nf6 5. g3 Be7 6. Bg2 0-0 7. Bg5 c6 8. Nf3 Nbd7 9. Ne5 Qc7 10. f4 Nb6 11. b3 Ng4 12. Nxg4 Bxg4 13. Bxe7 Qxe7 14. h3 Qe3 15. Qd3 Qxd3 16. exd3 Rfe8+ 17. Kd2 Bd7 18. Rae1 f6 19. g4 Kf7 20. Re3 Rxe3 21. Kxe3 Re8+ 22. Kd2 Nc8 23. Re1 Rxe1 24. Kxe1 Nd6 25. Ke2 b5 26. a4 b4 27. Na2 a5 28. Nc1 h5 1/2-1/2

[Event "SLO-chT U20"]
[Site "Otocec"]
[Date "2006.08.28"]
[Round "8"]
[White "Ursic, Mojca"]
[Black "Titan, Matej"]
[Result "1-0"]
[WhiteElo "1591"]
[BlackElo "1588"]
[PlyCount "35"]
[EventDate "2006.08.19"]
[EventType "team"]
[EventRounds "9"]
[EventCountry "SLO"]
[SourceTitle "EXT 2007"]
[Source "ChessBase"]
[SourceDate "2006.11.23"]
[SourceVersion "1"]
[SourceVersionDate "2006.11.23"]
[SourceQuality "1"]

1. e4 c5 2. Nf3 e6 3. d4 cxd4 4. Nxd4 Nc6 5. Nc3 Qc7 6. Be2 a6 7. 0-0 Nf6 8. Be3 Bb4 9. Nxc6 bxc6 10. Bf3 Bxc3 11. bxc3 d5 12. exd5 cxd5 13. Bd4 e5 14. Re1 e4 15. Bxf6 gxf6 16. Qxd5 Bb7 17. Qd4 0-0 18. Bxe4 1-0

[Event "SLO-chT U20"]
[Site "Otocec"]
[Date "2006.08.23"]
[Round "7"]
[White "Zagar, Blaz"]
[Black "Ursic, Mojca"]
[Result "1/2-1/2"]
[WhiteElo "1624"]
[BlackElo "1591"]
[PlyCount "79"]
[EventDate "2006.08.19"]
[EventType "team"]
[EventRounds "9"]
[EventCountry "SLO"]
[SourceTitle "EXT 2007"]
[Source "ChessBase"]
[SourceDate "2006.11.23"]
[SourceVersion "1"]
[SourceVersionDate "2006.11.23"]
[SourceQuality "1"]

1. e4 e5 2. Nf3 Nc6 3. Bc4 Nf6 4. d3 Be7 5. c3 0-0 6. 0-0 d6 7. Be3 Bg4 8. Nbd2 Qd7 9. Qb3 Na5 10. Qd1 Nxc4 11. Nxc4 b5 12. Ncd2 c6 13. h3 Bh5 14. b4 Qc7 15. Qb3 Bxf3 16. Nxf3 d5 17. exd5 cxd5 18. Rfe1 Rfd8 19. Bg5 h6 20. Bh4 e4 21. dxe4 dxe4 22. Bxf6 Bxf6 23. Rxe4 Qxc3 24. Qxc3 Bxc3 25. Rc1 Rac8 26. a4 bxa4 27. b5 a3 28. Ra4 Bb2 29. Rxc8 Rxc8 30. Rxa7 Rb8 31. Ra5 Kf8 32. Kf1 Rb7 33. Ne1 Ke7 34. Nc2 a2 35. Rxa2 Rxb5 36. Ra7+ Kf6 37. Ra6+ Ke7 38. Ra7+ Kf6 39. Ra6+ Ke7 40. Ra7+ 1/2-1/2

[Event "SLO-chT U20"]
[Site "Otocec"]
[Date "2006.08.20"]
[Round "3"]
[White "Ursic, Mojca"]
[Black "Grosar, Gari"]
[Result "1-0"]
[WhiteElo "1591"]
[BlackElo "1555"]
[PlyCount "33"]
[EventDate "2006.08.19"]
[EventType "team"]
[EventRounds "9"]
[EventCountry "SLO"]
[SourceTitle "EXT 2007"]
[Source "ChessBase"]
[SourceDate "2006.11.23"]
[SourceVersion "1"]
[SourceVersionDate "2006.11.23"]
[SourceQuality "1"]

1. e4 e5 2. Nf3 Nc6 3. Nc3 Bc5 4. Nxe5 Nxe5 5. d4 Bxd4 6. Qxd4 f6 7. Bc4 Nxc4 8. Qxc4 Ne7 9. Bf4 d6 10. 0-0 Ng6 11. Bg3 Ne5 12. Bxe5 fxe5 13. f4 exf4 14. Rxf4 Qd7 15. Raf1 Qe6 16. Qxc7 Qd7 17. Nd5 1-0

[Event "SLO-chT U20"]
[Site "Otocec"]
[Date "2006.08.19"]
[Round "1"]
[White "Ursic, Mojca"]
[Black "Vrban, Rok"]
[Result "0-1"]
[WhiteElo "1591"]
[BlackElo "1662"]
[PlyCount "56"]
[EventDate "2006.08.19"]
[EventType "team"]
[EventRounds "9"]
[EventCountry "SLO"]
[SourceTitle "EXT 2007"]
[Source "ChessBase"]
[SourceDate "2006.11.23"]
[SourceVersion "1"]
[SourceVersionDate "2006.11.23"]
[SourceQuality "1"]

1. e4 c5 2. Nc3 Nc6 3. Bb5 a6 4. Bxc6 dxc6 5. d3 e5 6. f4 Bd6 7. f5 b5 8. Nf3 Bb7 9. 0-0 Qe7 10. Qe1 0-0-0 11. Qg3 f6 12. Qh3 Qf7 13. Ne2 Ne7 14. Nd2 Kb8 15. c4 Bc8 16. Qe3 g6 17. Ng3 h5 18. fxg6 Qxg6 19. Nb3 h4 20. Ne2 Rdg8 21. Rf2 f5 22. exf5 Nxf5 23. Qf3 h3 24. Na5 e4 25. Qxe4 Bxh2+ 26. Kh1 Bc7 27. Kg1 Bxa5 28. Nf4 h2+ 0-1

[Event "SLO-ch U18 Girls"]
[Site "Murska Sobota"]
[Date "2006.02.27"]
[Round "3"]
[White "Bukovec, Tina"]
[Black "Ursic, Mojca"]
[Result "1-0"]
[WhiteElo "1849"]
[BlackElo "1500"]
[PlyCount "83"]
[EventDate "2006.02.26"]
[EventType "tourn"]
[EventRounds "5"]
[EventCountry "SLO"]
[SourceTitle "EXT 2009"]
[Source "ChessBase"]
[SourceDate "2008.11.26"]
[SourceVersion "1"]
[SourceVersionDate "2008.11.26"]
[SourceQuality "1"]

1. e4 e5 2. Nc3 Nf6 3. Bc4 Nc6 4. d3 Na5 5. Nge2 Nxc4 6. dxc4 Bc5 7. 0-0 d6 8. Qd3 Be6 9. b3 0-0 10. Be3 Bxe3 11. Qxe3 a5 12. a4 Nd7 13. Ng3 f5 14. exf5 Bxf5 15. Nxf5 Rxf5 16. Qe4 Rf8 17. Qxb7 Nc5 18. Qd5+ Kh8 19. Rad1 Qd7 20. Qxc5 Qf5 21. Qe3 Qxc2 22. Nb5 Rab8 23. Qd3 Qxd3 24. Rxd3 Rbc8 25. g3 g5 26. Kg2 Kg7 27. f4 gxf4 28. gxf4 exf4 29. Rdf3 Rfe8 30. Rxf4 Re2+ 31. R1f2 Re3 32. Rg4+ Kh8 33. Rf3 Re2+ 34. Kg3 Re7 35. Rg5 Rce8 36. Nd4 h6 37. Rh5 Kh7 38. Rf6 Re3+ 39. Kf2 R3e7 40. Rfxh6+ Kg8 41. Rh8+ Kf7 42. Rf5+ 1-0